BIBLIOTHÈQUE DE LA MAISON DU MEXIQUE

Logo 1 Logo 2

Nuevo derecho electoral mexicano (notice nᵒ 9317)

détails MARC
000 -Sello discográfico
campo de control de longitud fija 00860nam a2200277 4500
005 - Identificación de versión
campo de control 20260407134838.0
010 ## - Número Estándar Internacional de Libros (ISBN)
Número (ISBN) 978-607-17-1907-2
099 ## - fechas locales
Tipo de ítem Koha LIBRO
100 ## - Datos de procesamiento general
Datos de procesamiento general 20030722d2014 m y1spay5003 ba
101 ## - Idioma del recurso
Idioma del texto, banda sonora, etc. Español; Castellano
105 ## - Campo de datos codificados: Material textual, monográfico
Datos codificados de monografía y 001zy
200 1# - Título y mención de responsabilidad
Título propio Nuevo derecho electoral mexicano
Designación general del material texto impreso
Primer mención de responsabilidad Eduardo de Jesús Castellanos Hernández
205 ## - Declaración de edición
Declaración de edición 2a ed
210 ## - Publicación, distribución, etc.
Lugar de publicación, distribución, etc. México
Nombre del editor, distribuidor, etc. Editorial Trillas
Fecha de publicación, distribución, etc. 2014
215 ## - Descripción física
Designación de material específico y extensión del ítem 487 p
Dimensiones 23 cm
300 ## - Notas generales
Texto de la nota Título anterior: Derecho electoral en México
320 ## - Nota de índices/bibliografías internas
Texto de la nota Incluye bibliografía p.280-288 y fe de erratas
345 ## - Nota de información de adquisición
Fuente de adquisición/dirección de la suscripción [OBSOLETO] Donación Eduardo de Jesús Castellanos Hernández
606 ## - Término temático usado como materia
Elemento de entrada Derecho electoral
Subdivisión geográfica México
Número Koha 15697
660 ## - Código de área geográfica
Código MX
700 ## - Nombre personal - Responsabilidad primaria
Elemento de entrada Castellanos Hernández
Parte del nombre distinta del elemento de entrada Eduardo de Jesús
Número Koha 15698
801 #0 - Fuente de origen
País FR
Agencia cm
Reglas de catalogación (convenciones descriptivas) AFNOR
942 ## - ELEMENTOS DE ENTRADA SECUNDARIOS (KOHA)
Tipo de ítem Koha Livre
Exemplaires
Estatus retirado Estado de daño Estado de pérdida Fuente de la clasificación o esquema de estantería Fecha de adquisición Biblioteca de origen Biblioteca actual Ubicación en estantería Código de barras Precio de reemplazo Signatura topográfica completa No para préstamo Tipo de ítem Koha Nota pública Nota no pública
      Clasificación Decimal Dewey 05/08/2025 Casa México Paris Casa México Paris   002051 05/08/2025 342.72 C348N   Livre 20200731LIV 751145101